[Event "POL-chT2 North U19"]
[Site "Biala Podlaska"]
[Date "2000.??.??"]
[Round "1"]
[White "Jakubowski, Marcin"]
[Black "Klimaszewski, Dariusz1"]
[Result "1-0"]
[WhiteElo "2292"]
[BlackElo "2251"]
[PlyCount "48"]
[EventDate "2000.07.20"]
[EventType "team-swiss"]
[EventRounds "10"]
[EventCountry "POL"]
[SourceTitle "EXT 2003"]
[Source "ChessBase"]
[SourceDate "2002.11.25"]
[SourceVersion "1"]
[SourceVersionDate "2002.11.25"]
[SourceQuality "1"]
[WhiteTeam "Lomza Devo Maraton U19"]
[BlackTeam "POL-chT2 North U19 4"]
[WhiteTeamCountry "POL"]
[BlackTeamCountry "POL"]

1. d4 d5 2. Nf3 Nf6 3. c4 e6 4. Nc3 Be7 5. Bg5 0-0 6. e3 h6 7. Bh4 b6 8. cxd5 exd5 9. Bd3 Be6 10. 0-0 c5 11. Ne5 Nfd7 12. Bxe7 Qxe7 13. f4 Nxe5 14. dxe5 f5 15. Qf3 Qd7 16. Rfd1 Nc6 17. Bb5 Rfd8 18. Rd2 Rac8 19. Rad1 Kf8 20. Rxd5 Bxd5 21. Rxd5 Qe7 22. Bxc6 g6 23. Bb5 c4 24. Qd1 Qc7 1-0

[Event "POL-chT2 North U19"]
[Site "Biala Podlaska"]
[Date "2000.??.??"]
[Round "9"]
[White "Jakubowski, Marcin"]
[Black "Moskwinski, Tadeusz"]
[Result "0-1"]
[WhiteElo "2292"]
[BlackElo "2004"]
[PlyCount "50"]
[EventDate "2000.07.20"]
[EventType "team-swiss"]
[EventRounds "10"]
[EventCountry "POL"]
[SourceTitle "EXT 2003"]
[Source "ChessBase"]
[SourceDate "2002.11.25"]
[SourceVersion "1"]
[SourceVersionDate "2002.11.25"]
[SourceQuality "1"]
[WhiteTeam "Lomza Devo Maraton U19"]
[BlackTeam "Michalowice Hetman U19"]
[WhiteTeamCountry "POL"]
[BlackTeamCountry "POL"]

1. d4 d5 2. Nf3 Nf6 3. c4 c6 4. Nc3 e6 5. cxd5 exd5 6. Bg5 Be7 7. e3 0-0 8. Bd3 Nbd7 9. Qc2 Re8 10. 0-0 Nf8 11. Rae1 Ne4 12. Bxe7 Qxe7 13. Bxe4 dxe4 14. Nd2 f5 15. f3 exf3 16. Nxf3 Be6 17. e4 fxe4 18. Rxe4 Rad8 19. Rfe1 Qf6 20. Re5 h6 21. Qe2 Qf7 22. Qe4 Bd7 23. Rf1 Qg6 24. Qe3 Qd6 25. Ne4 Qc7 0-1

[Event "POL-ch U16"]
[Site "Wisla"]
[Date "2000.??.??"]
[Round "9"]
[White "Tekielak, Sebastian"]
[Black "Jakubowski, Marcin"]
[Result "0-1"]
[WhiteElo "2000"]
[BlackElo "2292"]
[PlyCount "54"]
[EventDate "2000.02.26"]
[EventType "swiss"]
[EventRounds "10"]
[EventCountry "POL"]
[SourceTitle "EXT 2005"]
[Source "ChessBase"]
[SourceDate "2004.11.15"]
[SourceVersion "1"]
[SourceVersionDate "2004.11.15"]
[SourceQuality "1"]

1. Nf3 Nf6 2. g3 d5 3. Bg2 c6 4. 0-0 Bg4 5. d3 Nbd7 6. Nc3 e5 7. e4 dxe4 8. dxe4 Bc5 9. h3 Be6 10. Qe2 h6 11. Be3 Qc7 12. Rfd1 0-0 13. Rd2 b5 14. Nh4 a5 15. Rad1 Rfd8 16. Kh2 a4 17. Rxd7 Nxd7 18. Rxd7 Qxd7 19. Bxc5 Qd2 20. Be3 Qxe2 21. Nxe2 Bxa2 22. Nf5 Rd7 23. Nc1 Bc4 24. Bc5 Rd1 25. Ne7+ Kh7 26. Be3 a3 27. bxa3 Rxa3 0-1

[Event "POL-ch U20"]
[Site "Trzebinia"]
[Date "1999.??.??"]
[Round "?"]
[White "Dziuba, Marcin"]
[Black "Jakubowski, Marcin"]
[Result "1-0"]
[WhiteElo "2310"]
[BlackElo "2355"]
[PlyCount "81"]
[EventDate "1999.??.??"]
[EventType "tourn"]
[EventRounds "11"]
[EventCountry "POL"]
[EventCategory "4"]
[SourceTitle "EXT 2000"]
[Source "ChessBase"]
[SourceDate "1999.11.16"]
[SourceVersion "1"]
[SourceVersionDate "1999.11.16"]
[SourceQuality "1"]

1. d4 Nf6 2. c4 g6 3. Nc3 Bg7 4. e4 d6 5. h3 0-0 6. Bg5 c5 7. d5 b5 8. cxb5 a6 9. a4 h6 10. Bd2 e6 11. Bc4 exd5 12. exd5 Nbd7 13. Nge2 Nb6 14. Qb3 Nxc4 15. Qxc4 axb5 16. Nxb5 Re8 17. Be3 Re4 18. Qc2 Bf5 19. Qd1 Qe7 20. Nbc3 Rb4 21. Qc1 Ne4 22. 0-0 Qh4 23. Bf4 Re8 24. Bh2 Be5 25. a5 Bxh2+ 26. Kxh2 Bxh3 27. g3 Qg4 28. f3 Qh5 29. Nf4 Qg5 30. Nxe4 Rbxe4 31. fxe4 Bxf1 32. Qxf1 h5 33. Nh3 Qg4 34. Nf2 Qf3 35. Ra3 Qf6 36. Qe2 h4 37. a6 hxg3+ 38. Rxg3 Kg7 39. Kg2 Rh8 40. Qd2 Qh4 41. Rh3 1-0

[Event "POL-ch U20"]
[Site "Trzebinia"]
[Date "1999.??.??"]
[Round "?"]
[White "Jakubowski, Marcin"]
[Black "Blehm, Pawel"]
[Result "0-1"]
[WhiteElo "2355"]
[BlackElo "2428"]
[PlyCount "54"]
[EventDate "1999.??.??"]
[EventType "tourn"]
[EventRounds "11"]
[EventCountry "POL"]
[EventCategory "4"]
[SourceTitle "EXT 2000"]
[Source "ChessBase"]
[SourceDate "1999.11.16"]
[SourceVersion "1"]
[SourceVersionDate "1999.11.16"]
[SourceQuality "1"]

1. e4 c5 2. Nf3 d6 3. d4 cxd4 4. Nxd4 Nf6 5. Nc3 Nc6 6. Bg5 e6 7. Qd2 a6 8. 0-0-0 h6 9. Bf4 Bd7 10. Nxc6 Bxc6 11. Qe1 Be7 12. Kb1 Qc7 13. f3 b5 14. e5 dxe5 15. Bxe5 Qa5 16. Bd3 b4 17. Bxf6 Bxf6 18. Be4 0-0 19. Ne2 Bxe4 20. fxe4 Qe5 21. Rd4 Rfd8 22. Rxb4 Rab8 23. Rxb8 Rxb8 24. c3 Qxe4+ 25. Ka1 Qc2 26. b3 Rd8 27. Nd4 Rxd4 0-1

[Event "POL-ch U20"]
[Site "Trzebinia"]
[Date "1999.??.??"]
[Round "?"]
[White "Jakubowski, Marcin"]
[Black "Jakubowski, Krzysztof"]
[Result "1/2-1/2"]
[WhiteElo "2355"]
[BlackElo "2291"]
[PlyCount "31"]
[EventDate "1999.??.??"]
[EventType "tourn"]
[EventRounds "11"]
[EventCountry "POL"]
[EventCategory "4"]
[SourceTitle "EXT 2000"]
[Source "ChessBase"]
[SourceDate "1999.11.16"]
[SourceVersion "1"]
[SourceVersionDate "1999.11.16"]
[SourceQuality "1"]

1. d4 Nf6 2. c4 e6 3. Nf3 Bb4+ 4. Bd2 a5 5. g3 d6 6. Bg2 Nbd7 7. 0-0 e5 8. e3 c6 9. Bc1 e4 10. a3 exf3 11. Bxf3 Bc5 12. dxc5 Nxc5 13. Nc3 a4 14. Qc2 0-0 15. Ne2 Re8 16. Nd4 1/2-1/2

[Event "POL-ch U20"]
[Site "Trzebinia"]
[Date "1999.??.??"]
[Round "?"]
[White "Jakubowski, Marcin"]
[Black "Pinski, Jan"]
[Result "0-1"]
[WhiteElo "2355"]
[BlackElo "2346"]
[PlyCount "132"]
[EventDate "1999.??.??"]
[EventType "tourn"]
[EventRounds "11"]
[EventCountry "POL"]
[EventCategory "4"]
[SourceTitle "EXT 2000"]
[Source "ChessBase"]
[SourceDate "1999.11.16"]
[SourceVersion "1"]
[SourceVersionDate "1999.11.16"]
[SourceQuality "1"]

1. e4 c5 2. Nf3 Nc6 3. d4 cxd4 4. Nxd4 e5 5. Nb5 d6 6. c4 Be7 7. b3 f5 8. N5c3 Nf6 9. Bd3 f4 10. Bb2 0-0 11. Nd5 f3 12. g3 Bh3 13. Nbc3 Ng4 14. Nxe7+ Nxe7 15. Qd2 a6 16. Rg1 Qb6 17. Bf1 Bxf1 18. Rxf1 Nxh2 19. Rh1 Ng4 20. Rh4 Nf6 21. 0-0-0 Rad8 22. Kb1 Qc6 23. Qd3 b5 24. cxb5 axb5 25. Nd5 Nexd5 26. exd5 Qc5 27. Qxf3 Rc8 28. Qe2 Nxd5 29. Qd3 Rxf2 30. Qxh7+ Kf7 31. Qd3 Qc2+ 32. Qxc2 Rcxc2 33. Bxe5 dxe5 34. Rxd5 Rb2+ 35. Kc1 Rxa2 36. Kb1 Rab2+ 37. Kc1 Rxb3 38. Rxe5 Rxg3 39. Re1 Rc3+ 40. Kb1 Rb3+ 41. Kc1 b4 42. Rg4 g6 43. Reg1 Rc3+ 44. Kb1 Rc6 45. Rxb4 Rf5 46. Kb2 g5 47. Kb3 Kf6 48. Rbg4 Rf3+ 49. Kb2 Rc5 50. R4g2 Rf4 51. Kb3 Kg6 52. Rg3 Kh5 53. Rh3+ Rh4 54. Rhg3 g4 55. Kb4 Rc8 56. Kb5 Kg5 57. Kb4 Kf4 58. Kb5 Rh5+ 59. Kb4 Rg5 60. Kb3 Rg7 61. Rc3 Rxc3+ 62. Kxc3 g3 63. Rf1+ Ke3 64. Rf8 g2 65. Re8+ Kf4 66. Rf8+ Ke5 0-1

[Event "POL-ch U20"]
[Site "Trzebinia"]
[Date "1999.??.??"]
[Round "?"]
[White "Jedryczka, Krystian"]
[Black "Jakubowski, Marcin"]
[Result "0-1"]
[WhiteElo "2371"]
[BlackElo "2355"]
[PlyCount "70"]
[EventDate "1999.??.??"]
[EventType "tourn"]
[EventRounds "11"]
[EventCountry "POL"]
[EventCategory "4"]
[SourceTitle "EXT 2000"]
[Source "ChessBase"]
[SourceDate "1999.11.16"]
[SourceVersion "1"]
[SourceVersionDate "1999.11.16"]
[SourceQuality "1"]

1. e4 e5 2. Nf3 Nc6 3. Bb5 a6 4. Ba4 Nf6 5. 0-0 b5 6. Bb3 Bc5 7. c3 d6 8. d4 Bb6 9. a4 Bb7 10. Bg5 h6 11. Bxf6 Qxf6 12. Bd5 0-0 13. Na3 exd4 14. cxd4 Rfe8 15. axb5 axb5 16. Nxb5 Rxa1 17. Qxa1 Nxd4 18. Nbxd4 Bxd5 19. exd5 Bxd4 20. Qa4 Re4 21. Qc2 Re7 22. Ra1 g6 23. Qd2 Bxb2 24. Rb1 Bc3 25. Qxh6 Re8 26. h4 Bd4 27. h5 Qf5 28. Rd1 Bg7 29. Qc1 Qxh5 30. Qxc7 Be5 31. Qd7 Kf8 32. Rc1 Bf4 33. Rc4 Bh2+ 34. Nxh2 Re1+ 35. Nf1 Rxf1+ 0-1

[Event "POL-ch U20"]
[Site "Trzebinia"]
[Date "1999.??.??"]
[Round "?"]
[White "Najbar, Marcin"]
[Black "Jakubowski, Marcin"]
[Result "0-1"]
[WhiteElo "2214"]
[BlackElo "2355"]
[PlyCount "66"]
[EventDate "1999.??.??"]
[EventType "tourn"]
[EventRounds "11"]
[EventCountry "POL"]
[EventCategory "4"]
[SourceTitle "EXT 2000"]
[Source "ChessBase"]
[SourceDate "1999.11.16"]
[SourceVersion "1"]
[SourceVersionDate "1999.11.16"]
[SourceQuality "1"]

1. e4 c5 2. Nf3 d6 3. d4 cxd4 4. Nxd4 Nf6 5. Nc3 a6 6. a4 e6 7. Be2 Be7 8. 0-0 0-0 9. Kh1 Nc6 10. Be3 Bd7 11. Nb3 Rc8 12. f4 e5 13. a5 Nb4 14. Bb6 Qe8 15. Bf3 Bc6 16. Rf2 Nd7 17. Nd5 Nxd5 18. exd5 Bb5 19. fxe5 Nxe5 20. Be4 g6 21. Bd4 f5 22. Bf3 Bf6 23. Be2 Bd7 24. Qd2 Qf7 25. Bc3 Rfe8 26. Bb4 Nc4 27. Bxc4 Rxc4 28. Bxd6 Bxb2 29. Rd1 Bb5 30. h3 Bc3 31. Qg5 Rce4 32. Rf3 Bf6 33. Qc1 Be2 0-1

[Event "POL-ch U20"]
[Site "Trzebinia"]
[Date "1999.??.??"]
[Round "?"]
[White "Szelag, Marcin"]
[Black "Jakubowski, Marcin"]
[Result "1-0"]
[WhiteElo "2408"]
[BlackElo "2355"]
[PlyCount "63"]
[EventDate "1999.??.??"]
[EventType "tourn"]
[EventRounds "11"]
[EventCountry "POL"]
[EventCategory "4"]
[SourceTitle "EXT 2000"]
[Source "ChessBase"]
[SourceDate "1999.11.16"]
[SourceVersion "1"]
[SourceVersionDate "1999.11.16"]
[SourceQuality "1"]

1. e4 e5 2. Nf3 Nc6 3. Bb5 a6 4. Ba4 Nf6 5. 0-0 b5 6. Bb3 Bc5 7. Nxe5 Nxe5 8. d4 Bxd4 9. Qxd4 d6 10. f4 c5 11. Qc3 Neg4 12. e5 Ne4 13. Qf3 d5 14. c4 bxc4 15. Ba4+ Kf8 16. Nc3 Nxc3 17. bxc3 Rb8 18. Ba3 Kg8 19. Bxc5 Qa5 20. Qxd5 h5 21. Qd6 Rb2 22. Bc6 Bf5 23. Bf3 Kh7 24. Bb4 Qa4 25. Qd4 Rxa2 26. Rxa2 Qxa2 27. Be4 Nh6 28. Bxf5+ Nxf5 29. Qe4 g6 30. e6 Re8 31. Qb7 Ng7 32. exf7 1-0

[Event "POL-ch U20"]
[Site "Trzebinia"]
[Date "1999.??.??"]
[Round "?"]
[White "Szymanski, Marcin"]
[Black "Jakubowski, Marcin"]
[Result "1-0"]
[WhiteElo "2304"]
[BlackElo "2355"]
[PlyCount "93"]
[EventDate "1999.??.??"]
[EventType "tourn"]
[EventRounds "11"]
[EventCountry "POL"]
[EventCategory "4"]
[SourceTitle "EXT 2000"]
[Source "ChessBase"]
[SourceDate "1999.11.16"]
[SourceVersion "1"]
[SourceVersionDate "1999.11.16"]
[SourceQuality "1"]

1. d4 Nf6 2. Bg5 Ne4 3. Bf4 d5 4. f3 Nf6 5. c4 c6 6. Nc3 Qb6 7. e4 e6 8. e5 Nfd7 9. cxd5 cxd5 10. Qd2 Nc6 11. Rd1 Be7 12. Be3 Nf8 13. f4 Bd7 14. Nf3 0-0-0 15. a3 Kb8 16. b4 Qc7 17. Rc1 Rc8 18. Na4 Qd8 19. Nc5 h6 20. Be2 Rg8 21. 0-0 Ka8 22. Rc2 g5 23. Rfc1 Ng6 24. fxg5 hxg5 25. Nxd7 Qxd7 26. Bxg5 Bxg5 27. Qxg5 Nge7 28. Qf4 Nf5 29. Bd3 Nce7 30. Bxf5 Nxf5 31. Rxc8+ Rxc8 32. Rxc8+ Qxc8 33. g4 Qg8 34. Qg5 Qxg5 35. Nxg5 Nh6 36. h3 Kb8 37. a4 Kc7 38. Kg2 Kd8 39. Kg3 Ke8 40. Nh7 Ke7 41. Kf4 Ng8 42. h4 a6 43. h5 b5 44. axb5 axb5 45. Kg5 Kd8 46. h6 Ne7 47. Nf8 1-0